| 000 | 00458nam a22001457a 4500 | ||
|---|---|---|---|
| 008 | 230501b |||||||| |||| 00| 0 eng d | ||
| 040 |
_aNational Science Library _cNational Science Library |
||
| 080 |
_a54(082.2) _bL0 |
||
| 245 |
_aProgramme and abstracts chemistry symposium _c/Indian institute of technology |
||
| 260 |
_a[s.l] _bDepartment of Atomic Energy, _c1970 |
||
| 300 | _a105p. | ||
| 650 | _aNuclear | ||
| 653 | _aChemistry | ||
| 942 |
_2udc _cREF |
||
| 999 |
_c25774 _d25774 |
||